Statistiques concernant Personalités nées à Reims

Cliquez ici pour prendre le quiz!

Statistiques générales

  • Ce quiz a été pris 137 fois
  • Le résultat moyen est 3 sur 9

Statistiques - réponses

Année de naissanceFonction / ProfessionPersonnage% Correct
1947Journaliste / Présentateur du 20 heuresPatrick Poivre d'Arvor
63%
1973Footballeur / Passeur décisif en finale de l'Euro 2000Robert Pirès
58%
1619Controleur des finances / Ministre de Louis XIVJean-Baptiste Colbert
56%
1943Gérant des cirques Arlette...Gilbert Gruss
39%
1980Mannequin et chroniqueuse / Miss France 2001Elodie Gossuin-Lacherie
36%
1957Présentateur de la météoLouis Bodin
32%
1651Religieux et pédagogue / Saint patron des enseignantsJean-Baptiste de La Salle
15%
1907Politique / Premier ministre de Charles de GaulleMaurice Couve de Murville
15%
1977Musicien / Tonight ou ExtraballYuksek (Pierre-Alexandre Busson)
11%

Distribution des résultats

Percentile par nombre de réponses

% des personnes avec chaque résultat

Votre développement - résultats

Vous n’avez pas pris ce quiz